Piłkarze Podbeskidzia Bielsko-Biała - nagła śmierć - Statystyki

Ogólne statystyki
  • Ten quiz został rozwiązany 27 razy
    21 od ostatniego zresetowania
  • Średni wynik to 8 z 20
Answers on the Grid
Answers color-coded by a green-red scale on the quiz's grid according to % correct below.
Damian Zbozień
Filip Modelski
Maciej Jankowski
Mariusz Malec
Konrad Forenc
Mateusz Możdżeń
Paweł Wszołek
Przemysław Mystkowski
Rafał Kurzawa
Alan Uryga
Sylwester Lusiusz
Łukasz Burliga
Maciej Korzym
Kamil Biliński
Grzegorz Tomasiewicz
Michał Buchalik
Damian Byrtek
Rafał Grodzicki
Waldemar Sobota
Mathieu Scalet
Grzegorz Kuświk
Konrad Wrzesiński
Mateusz Szczepaniak
Krzysztof Ostrowski
Paweł Tomczyk
Michał Pazdan
Bartosz Bida
David Niepsuj
Maksymilian Sitek
Mateusz Zachara
Rafał Leszczyński
Bartosz Śpiączka
Dariusz Trela
Jan Żuberek
Przemysław Płacheta
Wojciech Golla
Łukasz Sepela
Mateusz Cetnarski
Kornel Osyra
Tomasz Mokwa
 
Statystyki odpowiedzi
Odpowiedź % Poprawnych
Kamil Biliński
75%
Konrad Forenc
75%
Filip Modelski
69%
Sylwester Lusiusz
56%
Bartosz Bida
50%
Kornel Osyra
50%
Maksymilian Sitek
50%
Mateusz Możdżeń
50%
Paweł Tomczyk
50%
Maciej Korzym
44%
Mateusz Szczepaniak
38%
Bartosz Śpiączka
31%
Mathieu Scalet
31%
Przemysław Płacheta
31%
Rafał Leszczyński
31%
Damian Byrtek
25%
David Niepsuj
25%
Przemysław Mystkowski
25%
Mariusz Malec
19%
Konrad Wrzesiński
6%
Nie znaleziono quizów pasujących do podanych kryteriów
Rozkład punktacji
Procent ludzi z każdym wynikiem
Percentyl według liczby udzielonych odpowiedzi
Twoja historia wyników
Nie rozwiązałeś tego quizu od ostatniego zresetowania